000 00581nam a2200193 4500
001 122523
003 ES-MaACL
005 20230906192007.0
007 t|
008 070214s1972 sp r ||||1| spa d
100 1 _aPriouret, Roger.
_993993
245 1 4 _aLos managers europeos /
_cRoger Priouret. J. Serrats Ollé ; [traducción de J. Ferrer Aleu].
250 _a1ª ed.
260 _aBarcelona :
_bPlaza & Janés,
_c1972.
300 _a398 p. ;
_c22 cm.
700 1 _aFerrer Aleu, J.
_950442
700 1 _aSerrats Ollé, J.
_9105826
852 _aES-MaACL
_jC-42615
_bR.80680
999 _c122523
_d122523